• 首页
  • 本馆介绍
  • 公告通知
  • 最新文献
  • 馆藏检索
  • 电子资源
  • 读者导购
  • 参考咨询
  • 我的图书馆
  • 登录
  • 详细信息显示
  • 放入我的书架
  • 预约/预借图书
  • 作者相关作品
  • 分类相关作品
  • 丛书相关作品
  • 出版社相关作品

书目信息

  • 表格格式
  • 工作单格式
  • 卡片格式
题名:
毛泽东邓小平江泽民论思想政治工作
    
 
作者: ;中共中央宣传部 编
分册:  
出版信息: 北京   学习出版社  2000
页数: 259页
开本: 20cm
丛书名:
单 册:
中图分类: A851.64
科图分类:
主题词: 毛泽东思想--政治工作--学习 , 邓小平理论--政治工作--研究 , 江泽民--政治工作--思想研究
电子资源:
ISBN: 7-80116-191-2
000 00737nam0 2200205 450
001 0756069407
005 20070922110324.07
010    @a7-80116-191-2@dCNY15.00
100    @a20070707d2000 km y0chiy0120 ea
101 0  @achi
200 1  @a毛泽东邓小平江泽民论思想政治工作@Amao ze dong deng xiao ping jiang ze min lun si xiang zheng zhi gong zuo@f中共中央宣传部编@Fzhong gong zhong yang xuan chuan bu bian
210    @a北京@c学习出版社@d2000
215    @a259页@d20cm
606 0  @a毛泽东思想@x政治工作@x学习
606 0  @a邓小平理论@x政治工作@x研究
606 0  @a江泽民@x政治工作@x思想研究
690    @aA851.64@v3
711 02 @a中共中央宣传部@Azhong gong zhong yang xuan chuan bu@4编
801  0 @aCN@bPFT@c20070922
905    @a10447@dA851.64@e6
    
    毛泽东邓小平江泽民论思想政治工作/中共中央宣传部编.-北京:学习出版社,2000
    259页;20cm
    
    
    ISBN 7-80116-191-2:CNY15.00
    
●
相关链接 在E读中查询图书 在五车中查询图书 在当当中查询图书 在豆瓣中查询图书


正题名:毛泽东邓小平江泽民论思想政治工作     索取号:A851.64/6         预约/预借

序号 登录号 条形码 馆藏地/架位号 状态 备注
1 0609473   206094732   密集书库/ [索取号:A851.64/6] 在馆    
2 0765978   207659782   第一样本阅览室/ [索取号:A851.64/6] 在馆    
3 0767840   207678404   密集书库/ [索取号:A851.64/6] 在馆    
4 0769191   207691915   密集书库/ [索取号:A851.64/6] 在馆    
5 0770046   207700460   密集书库/ [索取号:A851.64/6] 在馆    
6 0770378   207703788   密集书库/ [索取号:A851.64/6] 在馆    
7 0770531   207705312   密集书库/ [索取号:A851.64/6] 在馆    
唐山师范学院图书馆 欢迎您!
大连网信软件有限公司© 版权所有